000
00245nam a2200097Ia 4500
005
20251222114402.0
008
251222s1900||||xx |||||||||||||| ||spa||
082
_a
DVD0080/T48
245
0
_a
Los caƱones de Navarone:The guns of Navarone
942
_c
DVD
999
_c
1682
_d
1682